000 01958cam a22004934i 4500
003 PE-LiUPU
005 20250731184553.0
008 150625s r 000 0 d
020 _a8445100610
035 _a(Sirsi) i9788445100615
040 _aPE-LiUPU
_bspa
_cPE-LiUPU
_erda
049 _aPRUA
082 0 4 _a946.07
_bF39
_221
100 1 _aFerrer Del Río, Antonio,
_eautor.
245 1 0 _aHistoria del reinado de Carlos III en España.
_n1 /
_cAntonio Ferrer del Río.
264 1 _aMadrid :
_bConsejería de Cultura de la Comunidad de Madrid,
_c1988.
300 _a466 páginas ;
_c22 centímetros
336 _atext
_2rdacontent
337 _aunmediated
_2rdamedia
338 _avolume
_2rdacarrier
500 _aEdición facsímil.
504 _aIncluye bibliográfia al pié de algunas páginas.
505 0 _aEspaña bajo la dinastía de Austria.-Las ordenes religiosas y el santo oficio.-Dinastía borbónica en España.-Adelantos materiales e intelectuales.- D. Carlos, rey de Nápoles y de Sicilia.-El ministerio y la corte.-Pacto de familia.-Guerra contra la Gran Bretaña.-El regalismo en auge.- La América Española.
526 _aP136
526 _aP135
526 _aP134
526 _aP133
526 _aP144
526 _aP143
526 _aP87
526 _aP35
526 _aP20
526 _aP14
526 _aP10
526 _aP06
650 0 4 _aInquisición; 1478-1834.
651 _aEspaña
_xHistoria
_yCarlos III (Rey), 1759-1788.
942 _2ddc
_cBOOK
949 _a946.07 F39 1
_wDEWEY
_c1
_i53878
_lCCODEBUL1
_mBUL
_p13.00
_r0
_sY
_tBOOK
_u2015-6-25
_xEDUCACION
_zUNKNOWN
_0COMPRA
_o.STAFF. Colección General
994 _aC0
_bPEPRU
596 _a1
999 _a946.07 F39 1
_wDEWEY
_c43964
_i53878
_f2021-11-8
_g5
_lCCODEBUL1
_mBUL
_p13.00
_r0
_sY
_tBOOK
_u2015-6-25
_xBIBLIOTECA
_zUNKNOWN
_0COMPRA
_o.STAFF. Colección General
_d43964
980 _81
_gALBERTO SANCHEZ Responsable de Automatización